000 00526nam a22001817a 4500
005 20251024104513.0
008 251024b |||||||| |||| 00| 0 eng d
040 _aMAIN
082 _a572.865
_bY11M
100 _aYadav, Manoj
245 _aMutational analysis of optineurin and six homeobox 6 gene in juvenile open-angle glaucoma
260 _bDepartment of Genetics, M D University, Rohtak
_c2025
300 _avii, 185
650 _aGenetics
700 _aTanwar, Mukesh
700 _aSachdeva, Sumit
942 _cTH
999 _c393678
_d393678